[Event "Moncada Cup-C"]
[Site "Santiago de Cuba"]
[Date "2019.03.28"]
[Round "9.3"]
[White "Toirac Cuesta, Ramon"]
[Black "Romero Arzuaga, Yudel"]
[Result "1/2-1/2"]
[WhiteElo "2241"]
[BlackElo "2255"]
[PlyCount "89"]
[EventDate "2019.03.20"]
[EventType "tourn"]
[EventRounds "10"]
[EventCountry "CUB"]
[EventCategory "1"]
[SourceTitle "EXT 2023"]
[Source "ChessBase"]
[SourceDate "2022.10.05"]
[SourceVersion "1"]
[SourceVersionDate "2022.10.05"]
[SourceQuality "1"]

1. b3 d5 2. Bb2 Bg4 3. g3 e6 4. Bg2 Nf6 5. c4 c6 6. Nf3 Nbd7 7. d3 Bd6 8. h3 Bh5 9. Nbd2 Qc7 10. Qc2 Bg6 11. a3 h6 12. b4 Qd8 13. 0-0 0-0 14. Nh4 Bh7 15. e4 Rc8 16. Rfe1 Bb8 17. Rad1 a5 18. Qb3 dxe4 19. Nxe4 Qb6 20. Nxf6+ Nxf6 21. Bxf6 gxf6 22. d4 Rfd8 23. c5 Qc7 24. Qf3 f5 25. Qh5 Kg7 26. Nf3 axb4 27. axb4 Qe7 28. Ne5 Bc7 29. Qe2 Bg8 30. Qb2 f6 31. Nc4 Qd7 32. Nb6 Bxb6 33. cxb6 Bf7 34. Bf3 h5 35. h4 f4 36. gxf4 Rg8 37. Kh2 Kf8 38. Qc3 Kg7 39. Rg1+ Kh7 40. Be4+ f5 41. Bf3 Qd8 42. Rg5 Qxb6 43. Qc5 Qxc5 44. dxc5 e5 45. Rdg1 1/2-1/2

[Event "Moncada Cup-C"]
[Site "Santiago de Cuba"]
[Date "2019.03.24"]
[Round "5.1"]
[White "Toirac Cuesta, Ramon"]
[Black "Batista Suarez, Jeorling Yahytin"]
[Result "1-0"]
[WhiteElo "2241"]
[BlackElo "2282"]
[PlyCount "43"]
[EventDate "2019.03.20"]
[EventType "tourn"]
[EventRounds "10"]
[EventCountry "CUB"]
[EventCategory "1"]
[SourceTitle "EXT 2023"]
[Source "ChessBase"]
[SourceDate "2022.10.05"]
[SourceVersion "1"]
[SourceVersionDate "2022.10.05"]
[SourceQuality "1"]

1. c4 c5 2. Nc3 Nc6 3. g3 g6 4. Bg2 Bg7 5. Nf3 e6 6. d4 cxd4 7. Nb5 d6 8. Nfxd4 Nxd4 9. Nxd4 a6 10. 0-0 Qc7 11. b3 Ne7 12. Ba3 0-0 13. Qd2 Rd8 14. Rac1 Nc6 15. e3 Nxd4 16. exd4 Rb8 17. d5 b6 18. dxe6 Bxe6 19. Rfd1 Bf8 20. Qd4 Be7 21. Re1 Bg5 22. Bb2 1-0

[Event "Adelquis Remon Memorial-C"]
[Site "Holguin"]
[Date "2017.11.07"]
[Round "10.3"]
[White "Toirac Cuesta, Ramon"]
[Black "Paneque, Pedro"]
[Result "1/2-1/2"]
[WhiteElo "2216"]
[BlackElo "2292"]
[PlyCount "23"]
[EventDate "2017.11.02"]
[EventType "tourn"]
[EventRounds "10"]
[EventCountry "CUB"]
[SourceTitle "EXT 2023"]
[Source "ChessBase"]
[SourceDate "2022.10.05"]
[SourceVersion "1"]
[SourceVersionDate "2022.10.05"]
[SourceQuality "1"]

1. e4 e6 2. d4 d5 3. exd5 exd5 4. Bd3 Bd6 5. Nf3 Nf6 6. 0-0 0-0 7. Bg5 Bg4 8. Nbd2 Nbd7 9. c3 c6 10. Qc2 Qc7 11. Rae1 Bxf3 12. Nxf3 1/2-1/2

[Event "Bayamo Cespedes Memorial op"]
[Site "Bayamo"]
[Date "2017.03.05"]
[Round "6.3"]
[White "Toirac Cuesta, Ramon"]
[Black "Ordonez Peregrino, Jordan"]
[Result "1-0"]
[WhiteElo "2144"]
[BlackElo "2082"]
[PlyCount "99"]
[EventDate "2017.03.01"]
[EventType "swiss"]
[EventRounds "9"]
[EventCountry "CUB"]
[SourceTitle "EXT 2023"]
[Source "ChessBase"]
[SourceDate "2022.10.05"]
[SourceVersion "1"]
[SourceVersionDate "2022.10.05"]
[SourceQuality "1"]

1. Nf3 b5 2. e3 a6 3. d4 Bb7 4. Nbd2 e6 5. Nb3 f5 6. c4 c6 7. Bd2 d6 8. a4 bxc4 9. Bxc4 Bc8 10. 0-0 Nf6 11. Qc2 g6 12. Rfe1 Bg7 13. Na5 0-0 14. Ba2 Bd7 15. Nc4 Ne4 16. Ba5 Qe7 17. Rac1 Be8 18. Nb6 Ra7 19. Nc8 Qd7 20. Nxa7 Qxa7 21. Bxe6+ Kh8 22. Bc4 Nd7 23. Bd3 Ndf6 24. Nd2 d5 25. Bb4 Rf7 26. f3 Ng5 27. Bc5 Qa8 28. f4 Ne6 29. Nf3 Nxc5 30. Qxc5 Bf8 31. Qc2 Rb7 32. Ne5 Bb4 33. Re2 Rb6 34. h3 a5 35. g4 fxg4 36. hxg4 Bd6 37. Rg2 Rb7 38. g5 Nh5 39. f5 gxf5 40. Bxf5 Bxe5 41. dxe5 Qb8 42. Qc3 Rb3 43. Qd4 Rb4 44. Qc5 Bf7 45. e6 Bg8 46. g6 h6 47. g7+ Nxg7 48. Rxg7 Qe5 49. Rh7+ Bxh7 50. Qf8+ 1-0

[Event "Bayamo Cespedes Memorial op"]
[Site "Bayamo"]
[Date "2017.03.02"]
[Round "2.12"]
[White "Toirac Cuesta, Ramon"]
[Black "Fonseca Castillo, Osmani Michel"]
[Result "1-0"]
[WhiteElo "2144"]
[BlackElo "1754"]
[PlyCount "53"]
[EventDate "2017.03.01"]
[EventType "swiss"]
[EventRounds "9"]
[EventCountry "CUB"]
[SourceTitle "EXT 2023"]
[Source "ChessBase"]
[SourceDate "2022.10.05"]
[SourceVersion "1"]
[SourceVersionDate "2022.10.05"]
[SourceQuality "1"]

1. c4 c5 2. g3 g6 3. Bg2 Bg7 4. Nc3 Nc6 5. Nf3 Nf6 6. d4 cxd4 7. Nxd4 0-0 8. 0-0 a6 9. c5 Qc7 10. Nb3 b5 11. Bf4 Qd8 12. Qd2 Bb7 13. Rfd1 Ra7 14. Rac1 Ba8 15. e4 Nh5 16. Bh6 Ne5 17. Bxg7 Nxg7 18. Nd5 Nc4 19. Qc3 Bc6 20. Nd4 Bxd5 21. exd5 Qa5 22. Qxa5 Nxa5 23. b3 Rc8 24. Bf1 Rac7 25. b4 Nb7 26. a4 a5 27. Nxb5 1-0

[Event "Bayamo Cespedes Memorial op"]
[Site "Bayamo"]
[Date "2017.03.01"]
[Round "1.3"]
[White "Diaz Del Valle, Laura Beatriz"]
[Black "Toirac Cuesta, Ramon"]
[Result "1/2-1/2"]
[WhiteElo "1954"]
[BlackElo "2144"]
[PlyCount "34"]
[EventDate "2017.03.01"]
[EventType "swiss"]
[EventRounds "9"]
[EventCountry "CUB"]
[SourceTitle "EXT 2023"]
[Source "ChessBase"]
[SourceDate "2022.10.05"]
[SourceVersion "1"]
[SourceVersionDate "2022.10.05"]
[SourceQuality "1"]

1. c4 c5 2. Nc3 Nc6 3. g3 g6 4. Bg2 Bg7 5. Nf3 e6 6. 0-0 Nge7 7. e3 0-0 8. d4 cxd4 9. exd4 d5 10. cxd5 exd5 11. Bg5 Be6 12. Qd2 Re8 13. Rfe1 Rc8 14. Ne5 Qd6 15. Bf4 Qd8 16. Bg5 Qd6 17. Bf4 Qd8 1/2-1/2

[Event "Chessung Gp2"]
[Site "Guantanamo"]
[Date "2017.02.17"]
[Round "3.2"]
[White "Roll Renford, Evelio Amaurys"]
[Black "Toirac Cuesta, Ramon"]
[Result "1/2-1/2"]
[WhiteElo "2139"]
[BlackElo "2144"]
[PlyCount "62"]
[EventDate "2017.02.16"]
[EventType "tourn"]
[EventRounds "10"]
[EventCountry "CUB"]
[SourceTitle "EXT 2023"]
[Source "ChessBase"]
[SourceDate "2022.10.05"]
[SourceVersion "1"]
[SourceVersionDate "2022.10.05"]
[SourceQuality "1"]

1. e4 e6 2. d3 c6 3. Nf3 d5 4. Nbd2 b6 5. g3 dxe4 6. dxe4 Nd7 7. Bg2 Ba6 8. c4 e5 9. 0-0 Ngf6 10. Qe2 Be7 11. b3 0-0 12. Bb2 Qc7 13. Nh4 Rfe8 14. Nf5 Bf8 15. Rfd1 Rad8 16. Nf1 g6 17. N5e3 Nc5 18. Nc2 Bc8 19. h3 h5 20. Ne1 Ne6 21. Nf3 Nd7 22. Bc3 Bg7 23. Rd2 Ndc5 24. Rad1 Rxd2 25. Rxd2 h4 26. Rd1 Bf6 27. Qb2 Ng5 28. Nxg5 Bxg5 29. Nh2 Bh6 30. Nf3 Bg7 31. Ne1 Ne6 1/2-1/2

[Event "Guantanamo Sabanalamar"]
[Site "Guantanamo"]
[Date "2009.07.25"]
[Round "8"]
[White "Lora Sumbert, Erisnel"]
[Black "Toirac Cuesta, Ramon"]
[Result "0-1"]
[WhiteElo "2123"]
[BlackElo "2049"]
[PlyCount "58"]
[EventDate "2009.07.20"]
[EventType "tourn"]
[EventRounds "11"]
[EventCountry "CUB"]
[SourceTitle "EXT 2019"]
[Source "ChessBase"]
[SourceDate "2018.10.10"]
[SourceVersion "1"]
[SourceVersionDate "2018.10.10"]
[SourceQuality "1"]

1. e4 e6 2. d4 d5 3. Nc3 Nf6 4. e5 Nfd7 5. f4 c5 6. Nf3 Nc6 7. Be3 a6 8. dxc5 Bxc5 9. Bxc5 Nxc5 10. Bd3 b5 11. Qd2 b4 12. Ne2 Qb6 13. Ned4 Nxd4 14. Nxd4 Bd7 15. Qf2 0-0 16. 0-0 f6 17. Rae1 Qc7 18. exf6 Rxf6 19. Qe3 Raf8 20. g3 h6 21. Rf3 Qa5 22. Nb3 Nxb3 23. axb3 Qc7 24. Qd4 Bb5 25. Rfe3 Bxd3 26. cxd3 Re8 27. Qxb4 Rb8 28. Qa4 Qd6 29. Ra1 Rb6 0-1

[Event "Guantanamo Sabanalamar"]
[Site "Guantanamo"]
[Date "2009.07.24"]
[Round "7"]
[White "Toirac Cuesta, Ramon"]
[Black "Flores Imbert, Yoandri"]
[Result "1-0"]
[WhiteElo "2049"]
[BlackElo "2013"]
[PlyCount "71"]
[EventDate "2009.07.20"]
[EventType "tourn"]
[EventRounds "11"]
[EventCountry "CUB"]
[SourceTitle "EXT 2019"]
[Source "ChessBase"]
[SourceDate "2018.10.10"]
[SourceVersion "1"]
[SourceVersionDate "2018.10.10"]
[SourceQuality "1"]

1. b3 e5 2. Bb2 Nc6 3. e3 d6 4. c4 Nf6 5. a3 Be7 6. Qc2 Be6 7. Nf3 h6 8. d3 0-0 9. Nbd2 Re8 10. Be2 Bf8 11. Rc1 g6 12. b4 Bg7 13. 0-0 Qd7 14. b5 Ne7 15. a4 g5 16. Nb3 b6 17. Nfd2 g4 18. d4 Bf5 19. Bd3 Bxd3 20. Qxd3 Ng6 21. Rfd1 Rad8 22. a5 e4 23. Qe2 Nh4 24. Kh1 Qf5 25. Ra1 h5 26. d5 Nh7 27. Bxg7 Kxg7 28. Nd4 Qf6 29. axb6 axb6 30. Ra7 Rc8 31. Nf1 Ng5 32. Ng3 Kh6 33. Rda1 Ng6 34. Ngf5+ Kh7 35. h4 gxh3 36. Qxh5+ 1-0

[Event "Guantanamo Sabanalamar"]
[Site "Guantanamo"]
[Date "2009.07.22"]
[Round "4"]
[White "Martinez Ramirez, Lennis"]
[Black "Toirac Cuesta, Ramon"]
[Result "1-0"]
[WhiteElo "2079"]
[BlackElo "2049"]
[PlyCount "61"]
[EventDate "2009.07.20"]
[EventType "tourn"]
[EventRounds "11"]
[EventCountry "CUB"]
[SourceTitle "EXT 2019"]
[Source "ChessBase"]
[SourceDate "2018.10.10"]
[SourceVersion "1"]
[SourceVersionDate "2018.10.10"]
[SourceQuality "1"]

1. d4 c5 2. d5 e5 3. c4 d6 4. e4 Be7 5. f4 exf4 6. Bxf4 Bf6 7. Nc3 a6 8. Qd2 Ne7 9. Nf3 Ng6 10. Bg3 Bg4 11. Bd3 Qe7 12. 0-0 Bxf3 13. gxf3 Nd7 14. Rae1 0-0 15. f4 Rfe8 16. Qg2 Qd8 17. Qh3 Ndf8 18. Qh5 Qc7 19. Re2 b5 20. Rfe1 b4 21. Nd1 Bd4+ 22. Nf2 f6 23. Kg2 Qf7 24. Qh3 h5 25. Kf3 Nh7 26. Qf5 h4 27. e5 hxg3 28. hxg3 fxe5 29. Qxg6 Nf8 30. Qxd6 Qf6 31. Qxf6 1-0

[Event "Guantanamo Sabanalamar"]
[Site "Guantanamo"]
[Date "2009.07.21"]
[Round "3"]
[White "Toirac Cuesta, Ramon"]
[Black "Lora Sumbert, Erisnel"]
[Result "1-0"]
[WhiteElo "2049"]
[BlackElo "2123"]
[PlyCount "68"]
[EventDate "2009.07.20"]
[EventType "tourn"]
[EventRounds "11"]
[EventCountry "CUB"]
[SourceTitle "EXT 2019"]
[Source "ChessBase"]
[SourceDate "2018.10.10"]
[SourceVersion "1"]
[SourceVersionDate "2018.10.10"]
[SourceQuality "1"]

1. c4 e6 2. Nf3 Nf6 3. b3 d5 4. e3 Be7 5. Bb2 0-0 6. Be2 c5 7. 0-0 Nc6 8. cxd5 Nxd5 9. Na3 b6 10. Nc4 Bb7 11. a3 Bf6 12. Bxf6 Nxf6 13. Qc2 Qe7 14. Qb2 Rfe8 15. Rfe1 e5 16. d3 Rad8 17. Rac1 Nd5 18. Bf1 Qf6 19. Rc2 Re6 20. Rec1 Nde7 21. Ncd2 Nd5 22. Ne4 Qe7 23. Ng3 Rg6 24. Rd2 Re8 25. Rcd1 h6 26. Rc2 Re6 27. Rc4 Qf8 28. Rdc1 f5 29. Nxf5 Nde7 30. Nxe7+ R8xe7 31. d4 Rg6 32. Nh4 Rg4 33. d5 Rxh4 34. dxc6 Bxc6 1-0